Giáo trình hóa học các hợp chất thiên : Tài liệu dùng cho sinh viên Đại học ngành Hóa dược /

שמור ב:
מידע ביבליוגרפי
מחברים אחרים: Đào Hùng Cường (chủ biên.), Đỗ Thị Thúy Vân., Phan Thảo Thơ., Trần Đức Mạnh., Trần Thị Ngọc Bích.
פורמט: Sách giấy
שפה:Vietnamese
יצא לאור: H. : Khoa học và Kỹ thuật, 2019.
נושאים:
תגים: הוספת תג
אין תגיות, היה/י הראשונ/ה לתייג את הרשומה!
Thư viện lưu trữ: Thư viện Trường Đại học Đà Lạt
LEADER 01459nam a2200385 4500
001 DLU210195549
005 ##20210106
020 # # |a 9786046712152 
040 # # |a DLU  |b vie 
041 # # |a vie 
044 # # |a vn 
082 # # |a 615.32  |b Gia 
245 # # |a Giáo trình hóa học các hợp chất thiên :  |b Tài liệu dùng cho sinh viên Đại học ngành Hóa dược /  |c Đào Hùng Cường chủ biên; Đỗ Thị Thúy Vân, Trần Thị Ngọc Bích, Phan Thảo Thơ, Trần Đức Mạnh. 
260 # # |a H. :  |b Khoa học và Kỹ thuật,  |c 2019. 
300 # # |a 151 tr. :  |b minh họa;  |c 27cm. 
504 # # |a Tài liệu tham khảo: tr. 149-150. 
505 # # |a Chương 1. Mở đầu -- Chương 2. Kỹ thuật chiết tách hợp chất thiên nhiên -- Chương 3. Carbohydrate -- Chương 4. Alcaloid -- Chương 5. Flavonoid -- Chương 6. Terpenoind -- Chương 7. Steroid -- Chương 8. Hợp chất Glycosid. 
650 # # |a Hợp chất thiên nhiên. 
650 # # |a Hoá sinh chất vô cơ. 
700 # # |a Đào Hùng Cường,  |e chủ biên. 
700 # # |a Đỗ Thị Thúy Vân. 
700 # # |a Phan Thảo Thơ. 
700 # # |a Trần Đức Mạnh. 
700 # # |a Trần Thị Ngọc Bích. 
923 # # |a 03/2020 
991 # # |a SH 
992 # # |a 98000 
994 # # |a DLU 
900 # # |a True 
911 # # |a Nguyễn Thanh Hương 
925 # # |a G 
926 # # |a A 
927 # # |a SH 
980 # # |a Thư viện Trường Đại học Đà Lạt